000 00529nam a2200181 i 4500
001 133962
003 ES-MaACL
005 20230906194552.0
007 t|
008 070904s1972 sp ||||1| spa d
100 1 _aWambaugh, Joseph.
_9116035
245 1 3 _aEl caballero azul /
_cJoseph Wambaugh ; [traducido por Mª Antonia Menini].
250 _a[1ª ed.].
260 _aBarcelona :
_bGrijalbo,
_c[1972]
300 _a358 p. ;
_c20 cm.
700 1 _aMenini, María Antonia.
_980365
852 _aES-MaACL
_jC-49440
_bR.84340
999 _c133962
_d133962